[Event "BRA-ch 89th"]
[Site "Recife"]
[Date "2023.12.19"]
[Round "9"]
[White "Santiago, Yago de Moura"]
[Black "Tomiello, Lucas Costamilan"]
[Result "0-1"]
[WhiteElo "2476"]
[BlackElo "2300"]
[PlyCount "91"]
[EventDate "2023.12.13"]
[EventType "swiss"]
[EventRounds "11"]
[EventCountry "BRA"]
[SourceTitle "CB52_2023"]
[SourceDate "2023.12.27"]
[SourceVersion "1"]
[SourceVersionDate "2023.12.27"]
[SourceQuality "1"]

1. d4 Nf6 2. c4 e6 3. Nc3 Bb4 4. e3 0-0 5. Bd3 d5 6. a3 Bxc3+ 7. bxc3 dxc4 8. Bxc4 c5 9. Ne2 Qc7 10. Bd3 Nc6 11. f4 b6 12. 0-0 Rd8 13. Bb2 Bb7 14. e4 Rac8 15. Rc1 Na5 16. Ng3 Qe7 17. h3 b5 18. f5 e5 19. d5 a6 20. Rb1 c4 21. Bc2 Nb3 22. Bc1 Nxc1 23. Qxc1 Qc5+ 24. Kh2 a5 25. Rf3 Ba6 26. Nf1 Rb8 27. g4 Nd7 28. Ra1 Ra8 29. f6 g6 30. Ng3 Rdb8 31. Qg5 b4 32. axb4 axb4 33. cxb4 Rxb4 34. Nf5 Rb2 35. Ne7+ Kf8 36. Rc1 Bb5 37. Qd2 Raa2 38. Kg3 Ba4 39. Qh6+ Ke8 40. Bxa4 Rxa4 41. Qxh7 Ra3 42. Qg8+ Nf8 43. Rcf1 Rbb3 44. Rxb3 Rxb3+ 45. Rf3 Qg1+ 46. Kh4 0-1

[Event "BRA-ch 89th"]
[Site "Recife"]
[Date "2023.12.17"]
[Round "7"]
[White "Santiago, Yago de Moura"]
[Black "Filgueiras, Nathan Felipe"]
[Result "1/2-1/2"]
[WhiteElo "2476"]
[BlackElo "2295"]
[PlyCount "33"]
[EventDate "2023.12.13"]
[EventType "swiss"]
[EventRounds "11"]
[EventCountry "BRA"]
[SourceTitle "CB52_2023"]
[SourceDate "2023.12.27"]
[SourceVersion "1"]
[SourceVersionDate "2023.12.27"]
[SourceQuality "1"]

1. d4 d5 2. Bf4 Nf6 3. Nc3 c5 4. e4 Nxe4 5. Nxe4 dxe4 6. dxc5 Qa5+ 7. c3 Qxc5 8. Qa4+ Nc6 9. Qxe4 Bf5 10. Qe3 Qxe3+ 11. Bxe3 0-0-0 12. Nf3 f6 13. a4 e5 14. Nd2 Bd6 15. Bb5 Kb8 16. 0-0 Ne7 17. Nc4 1/2-1/2

[Event "BRA-ch 89th"]
[Site "Recife"]
[Date "2023.12.16"]
[Round "6"]
[White "Bouwman, Marcelo Wanderley"]
[Black "Santiago, Yago de Moura"]
[Result "0-1"]
[WhiteElo "2116"]
[BlackElo "2476"]
[PlyCount "76"]
[EventDate "2023.12.13"]
[EventType "swiss"]
[EventRounds "11"]
[EventCountry "BRA"]
[SourceTitle "CB52_2023"]
[SourceDate "2023.12.27"]
[SourceVersion "1"]
[SourceVersionDate "2023.12.27"]
[SourceQuality "1"]

1. e4 c6 2. d4 d5 3. e5 c5 4. dxc5 e6 5. a3 Bxc5 6. Nf3 Nd7 7. c4 Ne7 8. Nc3 0-0 9. cxd5 Nxd5 10. Nxd5 exd5 11. b4 Be7 12. Qxd5 a5 13. Rb1 axb4 14. axb4 Nxe5 15. Qxe5 Re8 16. Be2 Bxb4+ 17. Rxb4 Rxe5 18. Nxe5 Qd6 19. Re4 Bf5 20. Re3 Qb4+ 21. Kd1 Qa4+ 22. Ke1 Qc2 23. Nd3 Bxd3 24. Rxd3 Qxc1+ 25. Rd1 Qc3+ 26. Kf1 Ra1 27. g3 Qc6 28. f3 Rxd1+ 29. Bxd1 Qd5 30. Be2 g6 31. Kf2 Qd4+ 32. Kg2 Qe3 33. Re1 b5 34. Kf1 b4 35. Bd1 Qd2 36. h4 h5 37. Be2 b3 38. Rd1 Qe3 0-1

[Event "BRA-ch 89th"]
[Site "Recife"]
[Date "2023.12.15"]
[Round "4"]
[White "Lage, Pedro Ferreira"]
[Black "Santiago, Yago de Moura"]
[Result "0-1"]
[WhiteElo "2115"]
[BlackElo "2476"]
[PlyCount "67"]
[EventDate "2023.12.13"]
[EventType "swiss"]
[EventRounds "11"]
[EventCountry "BRA"]
[SourceTitle "CB52_2023"]
[SourceDate "2023.12.27"]
[SourceVersion "1"]
[SourceVersionDate "2023.12.27"]
[SourceQuality "1"]

1. Nf3 d5 2. e3 e6 3. b3 f5 4. Bb2 Nf6 5. c4 a5 6. a3 Bd6 7. Be2 0-0 8. 0-0 Qe7 9. Ne5 b6 10. d3 Bb7 11. Nd2 c6 12. Ra2 c5 13. Qa1 Qc7 14. f4 Nc6 15. Ndf3 a4 16. bxa4 Rxa4 17. Nxc6 Bxc6 18. Ne5 dxc4 19. Nxc4 Be7 20. Be5 Qd8 21. Rc1 b5 22. Nd2 Bd5 23. Bd1 Ra7 24. Rb2 Qa8 25. Nb1 b4 26. a4 Nd7 27. Re2 Nxe5 28. Qxe5 Bf6 29. Qd6 Ra6 30. Qd7 Rf7 31. Qb5 Ra5 32. Qb6 Bd8 33. Qd6 Bb6 34. Qxb6 0-1

[Event "Manaus op 2nd"]
[Site "Manaus"]
[Date "2023.10.17"]
[Round "9"]
[White "Santiago, Yago de Moura"]
[Black "Do Valle Cardoso, Lucas"]
[Result "1/2-1/2"]
[WhiteElo "2473"]
[BlackElo "2341"]
[PlyCount "99"]
[EventDate "2023.10.11"]
[EventType "swiss"]
[EventRounds "9"]
[EventCountry "BRA"]
[SourceTitle "Mega2024 Update 01"]
[Source "Chessbase"]
[SourceDate "2023.11.12"]
[SourceVersion "1"]
[SourceVersionDate "2023.11.12"]
[SourceQuality "1"]

1. d4 Nf6 2. c4 e6 3. Nc3 d5 4. Nf3 Bb4 5. g3 dxc4 6. Bg2 0-0 7. 0-0 Nc6 8. Re1 Rb8 9. e4 b5 10. a3 Be7 11. Bf4 a6 12. d5 exd5 13. exd5 Na5 14. Rxe7 Qxe7 15. d6 Qd7 16. dxc7 Qxd1+ 17. Rxd1 Rb6 18. Ng5 h6 19. Nge4 Nxe4 20. Nxe4 Nb7 21. Nd6 Nxd6 22. Bxd6 Re8 23. h4 Rxd6 24. Rxd6 Kf8 25. a4 Ke7 26. Rd4 bxa4 27. Bc6 Rf8 28. Rxc4 a3 29. bxa3 f5 30. f4 Kd6 31. Ba4 Bb7 32. Rd4+ Kxc7 33. Rd7+ Kb6 34. Rxg7 Rc8 35. Rg6+ Ka5 36. Bd7 Rc1+ 37. Kf2 Be4 38. Rxh6 Rc2+ 39. Ke1 Rc1+ 40. Kd2 Rc2+ 41. Kd1 Rc3 42. Rd6 Rxa3 43. h5 Rxg3 44. h6 Rh3 45. Be8 Kb4 46. Rxa6 Kc5 47. Kd2 Kd4 48. Ra4+ Kc5 49. Ra6 Kd4 50. Ra4+ 1/2-1/2

[Event "Manaus op 2nd"]
[Site "Manaus"]
[Date "2023.10.15"]
[Round "7"]
[White "Cubas, Jose Fernando"]
[Black "Santiago, Yago de Moura"]
[Result "1-0"]
[WhiteElo "2411"]
[BlackElo "2473"]
[PlyCount "57"]
[EventDate "2023.10.11"]
[EventType "swiss"]
[EventRounds "9"]
[EventCountry "BRA"]
[SourceTitle "Mega2024 Update 01"]
[Source "Chessbase"]
[SourceDate "2023.11.12"]
[SourceVersion "1"]
[SourceVersionDate "2023.11.12"]
[SourceQuality "1"]

1. e4 c6 2. Nf3 d5 3. exd5 cxd5 4. Ne5 Nf6 5. d4 Bf5 6. Bb5+ Nbd7 7. g4 Be6 8. g5 a6 9. Ba4 Ne4 10. f3 Nd6 11. Nc3 b5 12. Bb3 Nxe5 13. dxe5 Nc4 14. Qd4 g6 15. Bf4 Bg7 16. 0-0-0 0-0 17. Nxd5 Rc8 18. Bxc4 bxc4 19. Nb6 Qxd4 20. Rxd4 Rc5 21. Re1 Re8 22. Bg3 Bf8 23. f4 Rc6 24. Nd7 Bg7 25. Bf2 h5 26. Re3 Rd6 27. exd6 Bxd4 28. Rxe6 Bxf2 29. Re2 1-0

[Event "Manaus op 2nd"]
[Site "Manaus"]
[Date "2023.10.14"]
[Round "5"]
[White "Santiago, Yago de Moura"]
[Black "Sunye Neto, Jaime"]
[Result "1-0"]
[WhiteElo "2473"]
[BlackElo "2401"]
[PlyCount "79"]
[EventDate "2023.10.11"]
[EventType "swiss"]
[EventRounds "9"]
[EventCountry "BRA"]
[SourceTitle "Mega2024 Update 01"]
[Source "Chessbase"]
[SourceDate "2023.11.12"]
[SourceVersion "1"]
[SourceVersionDate "2023.11.12"]
[SourceQuality "1"]

1. d4 Nf6 2. c4 e6 3. Nc3 Bb4 4. g3 c5 5. Nf3 cxd4 6. Nxd4 Nc6 7. Bg2 0-0 8. 0-0 Ne5 9. Qb3 Qb6 10. Nc2 Bc5 11. Na4 Qc7 12. Nxc5 Qxc5 13. Na3 d5 14. cxd5 Nxd5 15. e4 Nb6 16. Be3 Qa5 17. Rac1 Nc6 18. Nb5 e5 19. Nc7 Rb8 20. Rc5 Qa4 21. f4 Qxb3 22. axb3 f6 23. f5 Bd7 24. g4 Rfc8 25. Nb5 a6 26. Nd6 Rd8 27. Rd1 Nd4 28. Bxd4 exd4 29. Rxd4 Bc6 30. Rc1 Nd7 31. Rcd1 Ne5 32. h3 Kf8 33. Nb5 Rxd4 34. Nxd4 Ke7 35. Kf2 Bd7 36. Bf1 Rc8 37. Be2 h6 38. Ke3 Rc5 39. Rg1 Rc8 40. h4 1-0

[Event "Manaus op 2nd"]
[Site "Manaus"]
[Date "2023.10.12"]
[Round "2"]
[White "De Souza, David Barroso"]
[Black "Santiago, Yago de Moura"]
[Result "0-1"]
[WhiteElo "1947"]
[BlackElo "2473"]
[PlyCount "60"]
[EventDate "2023.10.11"]
[EventType "swiss"]
[EventRounds "9"]
[EventCountry "BRA"]
[SourceTitle "Mega2024 Update 01"]
[Source "Chessbase"]
[SourceDate "2023.11.12"]
[SourceVersion "1"]
[SourceVersionDate "2023.11.12"]
[SourceQuality "1"]

1. d4 e6 2. Nf3 f5 3. g3 Nf6 4. Bg2 d5 5. Nbd2 Bd6 6. Ne5 0-0 7. 0-0 Qe7 8. Ndf3 Ne4 9. c4 c6 10. h4 Nd7 11. Bf4 a5 12. c5 Nxe5 13. cxd6 Nxf3+ 14. exf3 Nxd6 15. Rc1 a4 16. Re1 Bd7 17. Bf1 Rfc8 18. Bd3 b6 19. Bc2 a3 20. b3 Qf8 21. h5 Nb5 22. Qd3 c5 23. dxc5 bxc5 24. g4 Qf7 25. gxf5 exf5 26. Re5 Nd4 27. Bd1 Bb5 28. Qe3 Qxh5 29. Rxd5 Re8 30. Be5 Ra6 0-1

[Event "Niteroi op 3rd"]
[Site "Niteroi"]
[Date "2023.09.08"]
[Round "7"]
[White "Santiago, Yago de Moura"]
[Black "Matsuura, Everaldo"]
[Result "1/2-1/2"]
[WhiteElo "2472"]
[BlackElo "2406"]
[PlyCount "53"]
[EventDate "2023.09.04"]
[EventType "swiss"]
[EventRounds "9"]
[EventCountry "BRA"]
[SourceTitle "EXT 2024"]
[Source "ChessBase"]
[SourceDate "2023.10.10"]
[SourceVersion "1"]
[SourceVersionDate "2023.10.10"]
[SourceQuality "1"]

1. d4 Nf6 2. c4 d6 3. Nc3 e5 4. Nf3 Nbd7 5. Bg5 Be7 6. e3 c6 7. Qc2 0-0 8. Bd3 Qc7 9. Bxh7+ Nxh7 10. Bxe7 Re8 11. Bh4 Ndf8 12. dxe5 dxe5 13. Nd2 f5 14. f3 Qf7 15. Bf2 Re6 16. h3 Rg6 17. g4 b5 18. Ne2 Be6 19. Bg3 Nd7 20. e4 fxg4 21. fxg4 bxc4 22. b3 Nc5 23. Nxc4 Bxc4 24. Qxc4 Qxc4 25. bxc4 Ng5 26. 0-0-0 Ngxe4 27. Rhf1 1/2-1/2

[Event "Niteroi op 3rd"]
[Site "Niteroi"]
[Date "2023.09.07"]
[Round "5"]
[White "Santiago, Yago de Moura"]
[Black "Filgueiras, Nathan Felipe"]
[Result "1-0"]
[WhiteElo "2472"]
[BlackElo "2328"]
[PlyCount "111"]
[EventDate "2023.09.04"]
[EventType "swiss"]
[EventRounds "9"]
[EventCountry "BRA"]
[SourceTitle "EXT 2024"]
[Source "ChessBase"]
[SourceDate "2023.10.10"]
[SourceVersion "1"]
[SourceVersionDate "2023.10.10"]
[SourceQuality "1"]

1. d4 d5 2. c4 c6 3. Nf3 Nf6 4. Nc3 e6 5. Qc2 Nbd7 6. e4 Nxe4 7. Nxe4 dxe4 8. Qxe4 Bb4+ 9. Bd2 Bxd2+ 10. Nxd2 Nf6 11. Qe3 0-0 12. Be2 Qb6 13. 0-0-0 e5 14. dxe5 Qxe3 15. fxe3 Ng4 16. Bxg4 Bxg4 17. Rdf1 Rae8 18. Rf4 Bh5 19. g4 Bg6 20. Nf3 f5 21. gxf5 Rxf5 22. Rd1 Ref8 23. e6 Rxf4 24. exf4 Bh5 25. e7 Re8 26. Rd8 Kf7 27. Ng5+ Kxe7 28. Rxe8+ Bxe8 29. Nxh7 Bf7 30. b3 c5 31. f5 Bg8 32. Ng5 b6 33. Kd2 Kf6 34. Ne4+ Ke5 35. Nc3 Kxf5 36. Nb5 Kg4 37. Nxa7 Be6 38. Nb5 Kh3 39. Nc7 Bd7 40. Nd5 b5 41. cxb5 Bxb5 42. a4 Bc6 43. Ne3 Kxh2 44. Kc3 g5 45. Kc4 Kg3 46. Kxc5 Bb7 47. b4 Kf3 48. Kd4 Bc6 49. b5 Bd7 50. b6 Bc8 51. a5 Kf4 52. Nd5+ Kf3 53. Nf6 Kf4 54. Kc5 Kf5 55. Kb5 Kxf6 56. a6 1-0

[Event "Niteroi op 3rd"]
[Site "Niteroi"]
[Date "2023.09.06"]
[Round "4"]
[White "Menna Barreto, Felipe Kubiaki"]
[Black "Santiago, Yago de Moura"]
[Result "1/2-1/2"]
[WhiteElo "2264"]
[BlackElo "2472"]
[PlyCount "80"]
[EventDate "2023.09.04"]
[EventType "swiss"]
[EventRounds "9"]
[EventCountry "BRA"]
[SourceTitle "EXT 2024"]
[Source "ChessBase"]
[SourceDate "2023.10.10"]
[SourceVersion "1"]
[SourceVersionDate "2023.10.10"]
[SourceQuality "1"]

1. Nf3 f5 2. b3 Nf6 3. Bb2 e6 4. g3 d5 5. Bg2 c6 6. 0-0 a5 7. a3 Be7 8. d3 0-0 9. Nbd2 Na6 10. c4 b5 11. Ne5 Bb7 12. Ndf3 Bd6 13. d4 Ne4 14. c5 Bc7 15. Nd3 Nb8 16. Bc1 g5 17. Nfe5 h6 18. f3 Nf6 19. h4 Nh7 20. hxg5 hxg5 21. Kf2 Nd7 22. Rh1 Nxe5 23. dxe5 b4 24. Rh6 Qe7 25. Qh1 Rf7 26. Rg6+ Rg7 27. Qh6 Rxg6 28. Qxg6+ Kh8 29. axb4 Ba6 30. Bb2 Bxd3 31. exd3 Rg8 32. Qh6 d4 33. Rh1 Bxe5 34. Re1 Bf6 35. bxa5 Rb8 36. a6 Rxb3 37. Bc1 Rc3 38. f4 Qxc5 39. fxg5 Rc2+ 40. Kf1 Qe7 1/2-1/2

[Event "Niteroi op 3rd"]
[Site "Niteroi"]
[Date "2023.09.05"]
[Round "2"]
[White "Bezerra, Natacio Goncalves"]
[Black "Santiago, Yago de Moura"]
[Result "0-1"]
[WhiteElo "1991"]
[BlackElo "2472"]
[PlyCount "92"]
[EventDate "2023.09.04"]
[EventType "swiss"]
[EventRounds "9"]
[EventCountry "BRA"]
[SourceTitle "EXT 2024"]
[Source "ChessBase"]
[SourceDate "2023.10.10"]
[SourceVersion "1"]
[SourceVersionDate "2023.10.10"]
[SourceQuality "1"]

1. e4 c6 2. d4 d5 3. e5 Bf5 4. Nd2 e6 5. Nb3 c5 6. Nxc5 Bxc5 7. dxc5 Qa5+ 8. c3 Qxc5 9. Be3 Qc7 10. Bb5+ Nd7 11. Nf3 Ne7 12. Qa4 Nc6 13. 0-0 0-0 14. Bxc6 bxc6 15. Qf4 Be4 16. Nd2 Bg6 17. Nf3 Bh5 18. g4 Bg6 19. Qg3 Be4 20. Bf4 Bxf3 21. Qxf3 a5 22. Rae1 a4 23. h4 Qb7 24. Bc1 Qb5 25. Qe2 Rfb8 26. f4 Nc5 27. Rf3 Qc4 28. Qxc4 dxc4 29. Rd1 Nd3 30. h5 h6 31. Rff1 Nxc1 32. Rxc1 Rxb2 33. Rf2 Rab8 34. Rd1 c5 35. Rd7 Rxf2 36. Kxf2 Rb2+ 37. Kf1 Rxa2 38. Rd8+ Kh7 39. Ra8 g6 40. hxg6+ Kxg6 41. Rg8+ Kh7 42. Ra8 a3 43. Ra7 Kg6 44. Ra4 h5 45. gxh5+ Kxh5 46. Rxc4 Rb2 0-1

[Event "Asuncion CIT op"]
[Site "Asuncion"]
[Date "2023.08.18"]
[Round "9"]
[White "Santiago, Yago de Moura"]
[Black "Bachmann, Axel"]
[Result "1/2-1/2"]
[WhiteElo "2466"]
[BlackElo "2611"]
[PlyCount "41"]
[EventDate "2023.08.12"]
[EventType "swiss"]
[EventRounds "9"]
[EventCountry "PAR"]
[SourceTitle "CBM 215 Extra"]
[Source "ChessBase"]
[SourceDate "2023.09.30"]
[SourceVersion "1"]
[SourceVersionDate "2023.09.30"]
[SourceQuality "1"]

1. d4 d5 2. c4 dxc4 3. Nf3 Nf6 4. e3 e6 5. Bxc4 a6 6. 0-0 c5 7. e4 Nxe4 8. Qe2 Nf6 9. d5 Nxd5 10. Rd1 Be7 11. Nc3 0-0 12. Nxd5 exd5 13. Rxd5 Qe8 14. Bg5 Be6 15. Bxe7 Qxe7 16. Ng5 Nc6 17. Qh5 h6 18. Nxe6 Qxe6 19. Rxc5 Qe7 20. Rc1 Nd4 21. Bf1 1/2-1/2

[Event "Asuncion CIT op"]
[Site "Asuncion"]
[Date "2023.08.14"]
[Round "4"]
[White "Santiago, Yago de Moura"]
[Black "Bento, Robert"]
[Result "1-0"]
[WhiteElo "2466"]
[BlackElo "1662"]
[PlyCount "93"]
[EventDate "2023.08.12"]
[EventType "swiss"]
[EventRounds "9"]
[EventCountry "PAR"]
[SourceTitle "CBM 215 Extra"]
[Source "ChessBase"]
[SourceDate "2023.09.30"]
[SourceVersion "1"]
[SourceVersionDate "2023.09.30"]
[SourceQuality "1"]

1. d4 Nf6 2. Nc3 d5 3. Bf4 e6 4. Nb5 Na6 5. a4 Be7 6. e3 0-0 7. c3 c6 8. Na3 b6 9. Bd3 Nc7 10. Nf3 c5 11. h3 Bb7 12. 0-0 Rc8 13. Ne5 a6 14. Nb1 Nce8 15. Qe2 c4 16. Bc2 Nd6 17. Nd2 Nf5 18. Bh2 Nh4 19. f3 Ng6 20. Nxg6 hxg6 21. e4 Re8 22. e5 Nd7 23. f4 Nf8 24. Nf3 Nh7 25. g4 Qd7 26. h4 Nf8 27. h5 gxh5 28. gxh5 f5 29. exf6 Bxf6 30. Kh1 Re7 31. Ne5 Bxe5 32. fxe5 Rf7 33. Rxf7 Qxf7 34. Rf1 Qe7 35. Rg1 Qh4 36. Rg4 Qh3 37. Rg3 Qh4 38. Kg2 Kh8 39. Bg1 Rc7 40. Be3 Nh7 41. Qf3 Bc6 42. Bg5 Qxg3+ 43. Kxg3 Bxa4 44. Bxa4 Nxg5 45. Qf8+ Kh7 46. Be8 Ne4+ 47. Kh4 1-0

[Event "Gaudium Masters-A"]
[Site "Chess.com INT"]
[Date "2023.06.29"]
[Round "8"]
[White "Filgueiras, Nathan Felipe"]
[Black "Santiago, Yago de Moura"]
[Result "1-0"]
[WhiteElo "2323"]
[BlackElo "2481"]
[PlyCount "83"]
[EventDate "2023.06.29"]
[EventType "tourn (blitz)"]
[EventRounds "10"]
[EventCountry "BRA"]
[EventCategory "8"]
[SourceTitle "CBM 215 Extra"]
[Source "ChessBase"]
[SourceDate "2023.09.30"]
[SourceVersion "1"]
[SourceVersionDate "2023.09.30"]
[SourceQuality "1"]

1. e4 c6 2. c4 d5 3. exd5 cxd5 4. cxd5 Nf6 5. Qa4+ Nbd7 6. Nc3 g6 7. Nf3 Bg7 8. Bc4 0-0 9. Qb3 a6 10. a4 Nc5 11. Qa3 b6 12. 0-0 Bf5 13. Nd4 e5 14. Nc6 Qc7 15. a5 Rfe8 16. axb6 Qxb6 17. Qb4 Nfd7 18. Re1 Qc7 19. b3 Bd3 20. Qa5 Qb7 21. Qa3 a5 22. Bb2 e4 23. Na4 Nxa4 24. Bxg7 Kxg7 25. Qxa4 Qc7 26. Qa3 Ne5 27. Qb2 f6 28. Nxe5 Rxe5 29. Rac1 Qd6 30. Qd4 Rae8 31. Ra1 Kh6 32. Rxa5 f5 33. Rb5 Qd8 34. Qe3+ g5 35. Rb6+ Kg7 36. Qc5 f4 37. Rc6 R5e7 38. d6 Re5 39. Rc7+ Kh6 40. Qa7 e3 41. Bxd3 exf2+ 42. Kxf2 1-0

[Event "Gaudium Masters-A"]
[Site "Chess.com INT"]
[Date "2023.06.29"]
[Round "9"]
[White "Mekhitarian, Krikor Sevag"]
[Black "Santiago, Yago de Moura"]
[Result "0-1"]
[WhiteElo "2537"]
[BlackElo "2481"]
[PlyCount "128"]
[EventDate "2023.06.29"]
[EventType "tourn (blitz)"]
[EventRounds "10"]
[EventCountry "BRA"]
[EventCategory "8"]
[SourceTitle "CBM 215 Extra"]
[Source "ChessBase"]
[SourceDate "2023.09.30"]
[SourceVersion "1"]
[SourceVersionDate "2023.09.30"]
[SourceQuality "1"]

1. Nf3 e6 2. c4 f5 3. g3 Nf6 4. Bg2 d5 5. d3 Bd6 6. 0-0 0-0 7. Nc3 dxc4 8. d4 Nc6 9. Qa4 e5 10. Qxc4+ Kh8 11. dxe5 Nxe5 12. Nxe5 Bxe5 13. Bf4 Qe7 14. Bxe5 Qxe5 15. Rfd1 c6 16. Qd4 Qe8 17. Rd3 Be6 18. Rad1 Qf7 19. b4 h6 20. a4 Bb3 21. R1d2 Bc4 22. Rf3 Rad8 23. Qxd8 Rxd8 24. Rxd8+ Kh7 25. Rxf5 Qe7 26. Rd1 Qxb4 27. Ne4 Nd5 28. Bf3 Qxa4 29. Rc1 b5 30. h4 Qa3 31. Rd1 Qe7 32. Nd2 g6 33. Nxc4 gxf5 34. Na5 Nb4 35. Nxc6 Nxc6 36. Bxc6 Qc5 37. Rd7+ Kh8 38. Bd5 a5 39. h5 a4 40. Be6 a3 41. e3 Qc6 42. Rd8+ Kg7 43. Bd5 Qc5 44. Rd7+ Kf6 45. f4 Qxe3+ 46. Kf1 Qd3+ 47. Kf2 Qd2+ 48. Kf1 Qd1+ 49. Kg2 Qxh5 50. Rd6+ Ke7 51. Re6+ Kd7 52. Re5 Qd1 53. Be6+ Kd6 54. Bg8 a2 55. Bxa2 Qd2+ 56. Kh3 Qxa2 57. Rxb5 Ke6 58. Rb6+ Kd5 59. Rxh6 Ke4 60. Kh4 Qh2+ 61. Kg5 Qxg3+ 62. Kf6 Qxf4 63. Rh1 Qe5+ 64. Kg5 Qg7+ 0-1

[Event "Gaudium Masters-A"]
[Site "Chess.com INT"]
[Date "2023.06.29"]
[Round "3"]
[White "Santiago, Yago de Moura"]
[Black "Filgueiras, Nathan Felipe"]
[Result "1/2-1/2"]
[WhiteElo "2481"]
[BlackElo "2323"]
[PlyCount "89"]
[EventDate "2023.06.29"]
[EventType "tourn (blitz)"]
[EventRounds "10"]
[EventCountry "BRA"]
[EventCategory "8"]
[SourceTitle "CBM 215 Extra"]
[Source "ChessBase"]
[SourceDate "2023.09.30"]
[SourceVersion "1"]
[SourceVersionDate "2023.09.30"]
[SourceQuality "1"]

1. d4 Nf6 2. c4 e6 3. Nc3 Bb4 4. e3 0-0 5. Bd2 b6 6. Nf3 Bb7 7. Bd3 Bxc3 8. Bxc3 Ne4 9. Rc1 d6 10. 0-0 Nd7 11. Qc2 Nxc3 12. Qxc3 Bxf3 13. gxf3 e5 14. Be2 Qh4 15. Rfd1 f5 16. dxe5 Nxe5 17. f4 Ng4 18. Bxg4 Qxg4+ 19. Kf1 Rae8 20. Qd4 Re4 21. Qd5+ Kh8 22. Rd4 Rxd4 23. Qxd4 Qh3+ 24. Ke2 Qxh2 25. b4 Qh5+ 26. Kd3 Qf7 27. a4 Rd8 28. Qd5 Qd7 29. b5 Re8 30. a5 Qe7 31. Qxf5 d5 32. cxd5 Qa3+ 33. Rc3 Qxa5 34. d6 cxd6 35. Qd7 Rg8 36. f5 Qb4 37. Rc8 Qb1+ 38. Ke2 h6 39. Rxg8+ Kxg8 40. Qe8+ Kh7 41. Qg6+ Kg8 42. Qe6+ Kh7 43. Qg6+ Kg8 44. Qe8+ Kh7 45. Qg6+ 1/2-1/2

[Event "Caioba op 7th"]
[Site "Caioba"]
[Date "2023.06.23"]
[Round "7"]
[White "Labussiere, Yago"]
[Black "Santiago, Yago de Moura"]
[Result "0-1"]
[WhiteElo "2224"]
[BlackElo "2481"]
[PlyCount "46"]
[EventDate "2023.06.18"]
[EventType "swiss"]
[EventRounds "9"]
[EventCountry "BRA"]
[SourceTitle "CBM 214 Extra"]
[Source "ChessBase"]
[SourceDate "2023.07.31"]
[SourceVersion "1"]
[SourceVersionDate "2023.07.31"]
[SourceQuality "1"]

1. d4 e6 2. c4 Nf6 3. Nc3 Bb4 4. e3 0-0 5. Bd3 d5 6. a3 Bxc3+ 7. bxc3 dxc4 8. Bxc4 c5 9. Nf3 Qc7 10. Be2 b6 11. 0-0 Bb7 12. Bb2 Nbd7 13. c4 Rac8 14. Rc1 Rfd8 15. Qb3 Ng4 16. g3 Qc6 17. Rfd1 Ndf6 18. h3 Nxf2 19. Kxf2 Ne4+ 20. Ke1 Qc7 21. Ne5 f6 22. g4 fxe5 23. Bf3 exd4 0-1

[Event "Caioba op 7th"]
[Site "Caioba"]
[Date "2023.06.21"]
[Round "5"]
[White "Duarte Napoles, Fanny"]
[Black "Santiago, Yago de Moura"]
[Result "1/2-1/2"]
[WhiteElo "2191"]
[BlackElo "2481"]
[PlyCount "50"]
[EventDate "2023.06.18"]
[EventType "swiss"]
[EventRounds "9"]
[EventCountry "BRA"]
[SourceTitle "CBM 214 Extra"]
[Source "ChessBase"]
[SourceDate "2023.07.31"]
[SourceVersion "1"]
[SourceVersionDate "2023.07.31"]
[SourceQuality "1"]

1. e4 c6 2. Nc3 d5 3. Nf3 Bg4 4. h3 Bxf3 5. Qxf3 e6 6. g3 Nd7 7. d4 Bb4 8. Bg2 dxe4 9. Qxe4 Ndf6 10. Qd3 Ne7 11. 0-0 Qc7 12. Ne4 Nxe4 13. Qxe4 Nd5 14. Qg4 0-0 15. c3 Bd6 16. Re1 Rfe8 17. Bd2 a5 18. Rad1 a4 19. c4 Nf6 20. Qf3 e5 21. Bg5 Nd7 22. d5 c5 23. h4 g6 24. g4 Ra6 25. h5 Be7 1/2-1/2

[Event "Caioba Rapid op 7th"]
[Site "Caioba"]
[Date "2023.06.18"]
[Round "4"]
[White "Cahen, Alexis"]
[Black "Santiago, Yago de Moura"]
[Result "0-1"]
[WhiteElo "2049"]
[BlackElo "2481"]
[PlyCount "72"]
[EventDate "2023.06.17"]
[EventType "swiss (rapid)"]
[EventRounds "11"]
[EventCountry "BRA"]
[SourceTitle "CBM 214 Extra"]
[Source "ChessBase"]
[SourceDate "2023.07.31"]
[SourceVersion "1"]
[SourceVersionDate "2023.07.31"]
[SourceQuality "1"]

1. e4 c6 2. c4 d5 3. exd5 cxd5 4. cxd5 Nf6 5. Nc3 Nxd5 6. Nf3 Nc6 7. Bb5 Bf5 8. 0-0 a6 9. Bxc6+ bxc6 10. d4 e6 11. Ne5 Qb6 12. Na4 Qc7 13. Nd3 Bd6 14. h3 0-0 15. Re1 a5 16. Nac5 Rfb8 17. Qe2 a4 18. Be3 h6 19. Rec1 Rb5 20. b3 a3 21. Qd2 Rbb8 22. Rab1 Re8 23. b4 e5 24. Rb3 e4 25. Ne1 Qe7 26. b5 Bc7 27. bxc6 Qd6 28. Nb7 Qh2+ 29. Kf1 Nxe3+ 30. fxe3 Bxh3 31. Qf2 Re6 32. Ke2 Bg3 33. Qf1 Rf6 34. c7 Bg4+ 35. Kd2 Rxf1 36. Rxa3 Rxa3 0-1

[Event "Caioba op 7th"]
[Site "Caioba"]
[Date "2023.06.18"]
[Round "1"]
[White "Luz, Jhonatan Rodrigues"]
[Black "Santiago, Yago de Moura"]
[Result "0-1"]
[WhiteElo "1775"]
[BlackElo "2481"]
[PlyCount "118"]
[EventDate "2023.06.18"]
[EventType "swiss"]
[EventRounds "9"]
[EventCountry "BRA"]
[SourceTitle "CBM 214 Extra"]
[Source "ChessBase"]
[SourceDate "2023.07.31"]
[SourceVersion "1"]
[SourceVersionDate "2023.07.31"]
[SourceQuality "1"]

1. e4 e6 2. d4 d5 3. exd5 exd5 4. Bd3 c5 5. Nf3 c4 6. Be2 Nf6 7. Bf4 Be7 8. 0-0 0-0 9. c3 Bf5 10. Nbd2 Nc6 11. Nh4 Be6 12. Qc2 Qd7 13. Rae1 b5 14. a3 a5 15. Be5 b4 16. f4 Ng4 17. f5 Ne3 18. fxe6 fxe6 19. Rxf8+ Rxf8 20. Qc1 Bxh4 21. Nf3 Bxe1 22. Qxe3 Nxe5 23. dxe5 bxc3 24. bxc3 Bxc3 25. Qxc3 Qa7+ 26. Qd4 Qc7 27. Bd1 Rb8 28. Bc2 Qb6 29. Qxb6 Rxb6 30. Nd4 Rb2 31. a4 Kf7 32. Kf1 Ke7 33. Ke2 Kd7 34. Kd2 Rb8 35. Bd1 Rf8 36. Bf3 h5 37. Ke3 g6 38. h4 Rb8 39. Nb5 Rg8 40. Nd4 Rf8 41. g4 c3 42. gxh5 gxh5 43. Bg2 Rc8 44. Kd3 Rc4 45. Nb3 c2 46. Kd2 c1Q+ 47. Nxc1 Rxa4 48. Bf3 Rxh4 49. Nd3 Ke7 50. Ke3 a4 51. Bd1 a3 52. Bb3 Rh3+ 53. Kd4 Rxd3+ 54. Kxd3 h4 55. Kc3 h3 56. Bd1 h2 57. Bf3 d4+ 58. Kb3 d3 59. Kxa3 d2 0-1